Movies Quiz

Random Movies or Director Quiz

Before or After: Director's Films Quiz Stats

 Plays Quiz Updated Aug 19, 2019

Score 0/20 Timer 04:00
2 Plays Today
Question Answer Wrong Answers
Penny Marshall
A League of Their Own (1992)
Big (????)
Before
77.8%
After
18%
Steven Spielberg
Raiders of the Lost Ark (1981)
E.T.: the Extra-Terrestrial (????)
After
75.3%
Before
20.5%
Alfred Hitchcock
North by Northwest (1959)
Psycho (????)
After
74.9%
Before
20.9%
Francis Ford Coppola
The Outsiders (1983)
Apocalypse Now (????)
Before
74.8%
After
21.3%
Martin Scorsese
The Last Temptation of Christ (1988)
Goodfellas (????)
After
74.5%
Before
21.5%
Spike Lee
Malcolm X (1992)
Do the Right Thing (????)
Before
72.3%
After
23.6%
Ron Howard
Splash (1984)
Cocoon (????)
After
72.2%
Before
23.5%
John Hughes
Ferris Bueller's Day Off (1986)
The Breakfast Club (????)
Before
70.4%
After
25.5%
Wes Anderson
The Life Aquatic with Steve Zissou (2004)
The Royal Tenenbaums (????)
Before
70.3%
After
25.7%
Joel and Ethan Coen
The Big Lebowski (1998)
Fargo (????)
Before
70%
After
25.8%
Rob Reiner
Stand by Me (1986)
The Princess Bride (????)
After
69.7%
Before
26.2%
Charlie Chaplin
The Great Dictator (1940)
Modern Times (????)
Before
68.7%
After
27.2%
James Cameron
The Terminator (1984)
Aliens (????)
After
67.8%
Before
28.3%
Ridley Scott
Blade Runner (1982)
Alien (????)
Before
66.9%
After
29.2%
Clint Eastwood
The Bridges of Madison County (1995)
Unforgiven (????)
Before
65.2%
After
30.8%
Tim Burton
Batman (1989)
Edward Scissorhands (????)
After
65.1%
Before
30.7%
David Lynch
Blue Velvet (1986)
Dune (????)
Before
63.2%
After
32.7%
Oliver Stone
Natural Born Killers (1994)
JFK (????)
Before
60.5%
After
35.3%
William Friedkin
The Exorcist (1973)
The French Connection (????)
Before
55.3%
After
40.6%
Woody Allen
Hannah and Her Sisters (1986)
The Purple Rose of Cairo (????)
Before
52.8%
After
42.9%

You're not logged in!

Compare scores with friends on all Sporcle quizzes.
OR
Log In

Sporcle TV

Today on Sporcle TV


Watch our educational content, quiz creation guides, and fun videos on Sporcle TV.

Show Comments

Extras

Top Quizzes Today


Score Distribution

Your Account Isn't Verified!

In order to create a playlist on Sporcle, you need to verify the email address you used during registration. Go to your Sporcle Settings to finish the process.

Report this User

Report this user for behavior that violates our Community Guidelines.

Details: